Statistics for Counties of Tennessee

Click here to take the quiz!

General Stats

  • This quiz has been taken 119 times
  • The average score is 29 of 95

Answer Stats

HintCounty% Correct
Davidson
74%
Knox
69%
Shelby
61%
Jackson
57%
Anderson
56%
Polk
51%
Washington
50%
Williamson
50%
Wilson
49%
Jefferson
47%
Franklin
46%
Johnson
46%
Sevier
46%
Hamilton
44%
Madison
44%
Rutherford
44%
Greene
43%
Union
43%
Monroe
41%
Cumberland
39%
Lincoln
39%
Smith
39%
Blount
36%
Crockett
34%
McMinn
34%
Putnam
34%
White
34%
Montgomery
33%
Van Buren
33%
Benton
31%
Coffee
31%
Fayette
31%
Sumner
31%
Cocke
30%
Dickson
30%
Robertson
30%
Clay
29%
Giles
29%
Hawkins
29%
Henry
29%
Wayne
29%
Dyer
27%
Henderson
27%
Rhea
27%
Sullivan
27%
Trousdale
27%
Warren
27%
Bedford
26%
Cheatham
26%
Grundy
26%
Loudon
26%
Marion
26%
Maury
26%
Sequatchie
26%
Campbell
24%
Carter
24%
Claiborne
24%
Decatur
24%
Grainger
24%
Lake
24%
Meigs
24%
Obion
24%
Overton
24%
Roane
24%
Tipton
24%
Unicoi
24%
Bledsoe
23%
Bradley
23%
DeKalb
23%
Hamblen
23%
Lawrence
23%
Macon
23%
Morgan
23%
Cannon
21%
Carroll
21%
Fentress
21%
Houston
21%
McNairy
21%
Perry
21%
Scott
21%
Hancock
20%
Hardeman
20%
Hardin
20%
Lewis
20%
Moore
20%
Stewart
20%
Chester
19%
Haywood
19%
Hickman
19%
Humphreys
19%
Marshall
19%
Pickett
19%
Lauderdale
17%
Gibson
16%
Weakley
14%

Score Distribution

Percentile by Number Answered

Percent of People with Each Score

Your Score History

You have not taken this quiz